| 000 | 00805nam a2200277 a 4500 | ||
|---|---|---|---|
| 001 | vtls000926639 | ||
| 003 | NLI | ||
| 005 | 20210627085624.0 | ||
| 008 | 110906s1954 enk 000 0 eng | ||
| 039 | 9 |
_y201109062204 _zVargis_01 |
|
| 040 | 0 |
_aNLI _beng _cVergis_S _eAACR2 |
|
| 041 | 0 | _aeng | |
| 044 | _aenk | ||
| 084 | _a148 | ||
| 100 | 1 | _aGhate, V. D. | |
| 245 | 1 | 4 |
_aThe teaching of history / _cby V. D. Ghate |
| 260 |
_aLondon : _bThe University Press, _c1954 |
||
| 300 |
_a240 p. ; _c18 cm. |
||
| 440 | 0 |
_aTeaching in India series ; _vno.6 _9759492 |
|
| 650 | 0 |
_aHistory _xStudy and teaching (Secondary) _9840322 |
|
| 887 | _a | ||
| 901 |
_a309376 ; _b04.05.1956 |
||
| 902 | _a148 G 2197 | ||
| 949 |
_AVIRTUAITEM _D10000 _X100 _6PUR000309376ENG |
||
| 942 |
_2ddc _cBKS |
||
| 999 |
_aVIRTUA _c752012 _d752012 |
||